[Event "BEL-chT 1011"]
[Site "Belgium"]
[Date "2010.10.10"]
[Round "2.7"]
[White "Baert, Andy"]
[Black "Poscic, Mark"]
[Result "1-0"]
[WhiteElo "2199"]
[BlackElo "1833"]
[PlyCount "74"]
[EventDate "2010.09.26"]
[EventType "team-tourn"]
[EventRounds "11"]
[EventCountry "BEL"]
[SourceTitle "EXT 2012"]
[Source "ChessBase"]
[SourceDate "2011.11.24"]
[SourceVersion "1"]
[SourceVersionDate "2011.11.24"]
[SourceQuality "1"]
[WhiteTeam "Borgerhout"]
[BlackTeam "Namur"]
[WhiteTeamCountry "BEL"]
[BlackTeamCountry "BEL"]

1. e4 c5 2. Nf3 d6 3. d4 cxd4 4. Nxd4 Nf6 5. Nc3 g6 6. Be3 Bg7 7. f3 0-0 8. Bc4 Nc6 9. Qe2 Bd7 10. Rd1 Rc8 11. Nxc6 bxc6 12. 0-0 Qa5 13. Rfe1 Rfd8 14. Qf2 Be6 15. Bb3 c5 16. Bxe6 fxe6 17. e5 Nd5 18. Nxd5 exd5 19. exd6 Rxd6 20. c3 e5 21. Qh4 Qd8 22. Bg5 Qd7 23. Bh6 Re8 24. Bxg7 Kxg7 25. Re2 Qf5 26. Qa4 Qd7 27. Qa5 Rc6 28. Rde1 e4 29. fxe4 Rxe4 30. Rxe4 dxe4 31. Qa4 c4 32. Rxe4 Qd5 33. Qxa7+ Kh6 34. Qe3+ g5 35. h4 Rg6 36. Qd4 Qf5 37. Qe3 Qd5 1-0

[Event "BEL-ch U16"]
[Site "Houffalize"]
[Date "2009.04.17"]
[Round "7"]
[White "Poscic, Mark"]
[Black "De Vleeschauwer, Ruben"]
[Result "1-0"]
[WhiteElo "1839"]
[BlackElo "1705"]
[PlyCount "53"]
[EventDate "2009.04.13"]
[EventType "swiss"]
[EventRounds "9"]
[EventCountry "BEL"]
[SourceTitle "EXT 2012"]
[Source "ChessBase"]
[SourceDate "2011.11.24"]
[SourceVersion "1"]
[SourceVersionDate "2011.11.24"]
[SourceQuality "1"]

1. e4 e6 2. d4 d5 3. Nc3 Bb4 4. e5 c5 5. a3 cxd4 6. axb4 dxc3 7. bxc3 Qc7 8. Bb5+ Bd7 9. Bxd7+ Nxd7 10. Bd2 Qxe5+ 11. Ne2 Ngf6 12. 0-0 0-0 13. Nd4 a6 14. Re1 Qc7 15. Re3 Nb6 16. Rh3 Nc4 17. Bg5 Ne4 18. Bh4 Rab8 19. Qh5 Qe5 20. Qg4 Ncd2 21. f4 h5 22. Qe2 Qxf4 23. Qxh5 Nxc3 24. Bf6 Ne2+ 25. Kh1 Qh6 26. Qxh6 gxh6 27. Rxh6 1-0

[Event "BEL-ch U16"]
[Site "Houffalize"]
[Date "2009.04.16"]
[Round "6"]
[White "Wetzels, Jean Pierre"]
[Black "Poscic, Mark"]
[Result "0-1"]
[WhiteElo "1355"]
[BlackElo "1839"]
[PlyCount "68"]
[EventDate "2009.04.13"]
[EventType "swiss"]
[EventRounds "9"]
[EventCountry "BEL"]
[SourceTitle "EXT 2012"]
[Source "ChessBase"]
[SourceDate "2011.11.24"]
[SourceVersion "1"]
[SourceVersionDate "2011.11.24"]
[SourceQuality "1"]

1. e4 c5 2. Nf3 d6 3. Bb5+ Bd7 4. Bxd7+ Qxd7 5. c4 Nc6 6. d4 cxd4 7. Nxd4 Nf6 8. f3 g6 9. Nc3 Bg7 10. Be3 0-0 11. 0-0 a6 12. Qd2 Rac8 13. b3 Rfd8 14. Nd5 Nxd5 15. exd5 Ne5 16. h3 Qc7 17. Rad1 Nd7 18. Rfe1 Re8 19. Bf2 Nf6 20. Re2 b5 21. cxb5 Nxd5 22. a4 Nc3 23. b6 Nxe2+ 24. Qxe2 Qxb6 25. Ne6 Qxb3 26. Nxg7 Kxg7 27. Be3 f6 28. Qd2 Rc2 29. Qd4 Rc3 30. Bf2 Rec8 31. Kh2 Rc2 32. Re1 R8c7 33. Be3 Qa2 34. Qg4 Rxg2+ 0-1

[Event "BEL-ch U16"]
[Site "Houffalize"]
[Date "2009.04.15"]
[Round "4"]
[White "Desmyter, Thomas"]
[Black "Poscic, Mark"]
[Result "1/2-1/2"]
[WhiteElo "1511"]
[BlackElo "1839"]
[PlyCount "29"]
[EventDate "2009.04.13"]
[EventType "swiss"]
[EventRounds "9"]
[EventCountry "BEL"]
[SourceTitle "EXT 2012"]
[Source "ChessBase"]
[SourceDate "2011.11.24"]
[SourceVersion "1"]
[SourceVersionDate "2011.11.24"]
[SourceQuality "1"]

1. e4 c5 2. Nf3 d6 3. d4 cxd4 4. Nxd4 Nf6 5. Nc3 g6 6. Be2 Bg7 7. Be3 Nc6 8. f3 0-0 9. Qd2 d5 10. exd5 Nxd5 11. Nxd5 Qxd5 12. Nxc6 Qxc6 13. c3 Be6 14. 0-0 a5 15. a4 1/2-1/2

[Event "BEL-ch U16"]
[Site "Houffalize"]
[Date "2009.04.14"]
[Round "3"]
[White "Poscic, Mark"]
[Black "Schaeken, Yordi"]
[Result "0-1"]
[WhiteElo "1839"]
[BlackElo "2078"]
[PlyCount "86"]
[EventDate "2009.04.13"]
[EventType "swiss"]
[EventRounds "9"]
[EventCountry "BEL"]
[SourceTitle "EXT 2012"]
[Source "ChessBase"]
[SourceDate "2011.11.24"]
[SourceVersion "1"]
[SourceVersionDate "2011.11.24"]
[SourceQuality "1"]

1. e4 c5 2. Nf3 Nf6 3. Nc3 d5 4. Bb5+ Bd7 5. Bxd7+ Qxd7 6. exd5 Nxd5 7. 0-0 e6 8. b3 Nxc3 9. dxc3 Be7 10. Qe2 Qc7 11. Bb2 Bf6 12. Qb5+ Qc6 13. Qe2 Nd7 14. Rad1 0-0-0 15. Nd2 Nb6 16. Ne4 Nd5 17. Nxf6 gxf6 18. Qf3 e5 19. c4 Ne7 20. Rxd8+ Kxd8 21. Qxc6 Nxc6 22. f4 Ke7 23. fxe5 fxe5 24. Rf5 f6 25. Rh5 Kf7 26. Rh3 Ke6 27. Rd3 Rd8 28. Kf2 Rxd3 29. cxd3 Nb4 30. Ke3 Nxa2 31. g4 Nb4 32. Ke4 Nc6 33. Ba3 b6 34. h4 a5 35. Bb2 Ne7 36. h5 Nc8 37. Bc1 Nd6+ 38. Kf3 f5 39. gxf5+ Nxf5 40. Kg4 Nd4 41. Kg5 Kf7 42. Bb2 Nxb3 43. Bxe5 Nd4 0-1

[Event "BEL-ch U16"]
[Site "Ostend"]
[Date "2008.04.06"]
[Round "9"]
[White "Poscic, Mark"]
[Black "Goossens, Hanne"]
[Result "0-1"]
[WhiteElo "1866"]
[BlackElo "1895"]
[PlyCount "62"]
[EventDate "2008.03.31"]
[EventType "swiss"]
[EventRounds "9"]
[EventCountry "BEL"]
[SourceTitle "EXT 2019"]
[Source "ChessBase"]
[SourceDate "2018.10.10"]
[SourceVersion "1"]
[SourceVersionDate "2018.10.10"]
[SourceQuality "1"]

1. e4 c5 2. Nf3 Nc6 3. d4 cxd4 4. Nxd4 g6 5. Be3 Bg7 6. Nc3 Nf6 7. Bc4 0-0 8. Bb3 d6 9. f3 Bd7 10. Qd2 Rc8 11. 0-0-0 Ne5 12. g4 b5 13. Kb1 b4 14. Nce2 a5 15. g5 Ne8 16. h4 a4 17. Qxb4 axb3 18. axb3 Rb8 19. Qd2 Ra8 20. c3 Nc7 21. h5 Qb8 22. Kc2 Qb7 23. Rh4 Rfb8 24. Nc1 Ba4 25. Rdh1 Nc4 26. Qh2 Bxd4 27. Bxd4 Bxb3+ 28. Nxb3 Qxb3+ 29. Kd3 Qb5 30. Rh3 Ne5+ 31. Kd2 Qd3+ 0-1

[Event "BEL-ch U16"]
[Site "Ostend"]
[Date "2008.04.02"]
[Round "4"]
[White "Poscic, Mark"]
[Black "Reyniers, Pieter"]
[Result "0-1"]
[WhiteElo "1866"]
[BlackElo "2018"]
[PlyCount "80"]
[EventDate "2008.03.31"]
[EventType "swiss"]
[EventRounds "9"]
[EventCountry "BEL"]
[SourceTitle "EXT 2019"]
[Source "ChessBase"]
[SourceDate "2018.10.10"]
[SourceVersion "1"]
[SourceVersionDate "2018.10.10"]
[SourceQuality "1"]

1. e4 c5 2. Nf3 d6 3. d4 cxd4 4. Nxd4 Nf6 5. Nc3 a6 6. Bc4 e6 7. a3 Be7 8. 0-0 0-0 9. Be3 b5 10. Ba2 Bb7 11. Bxe6 fxe6 12. Nxe6 Qd7 13. Nxf8 Bxf8 14. Bg5 Nxe4 15. Nxe4 Bxe4 16. Re1 Qf5 17. Qd2 Ra7 18. Qe3 Rf7 19. Qxe4 Qxg5 20. Rad1 Nd7 21. b4 Ne5 22. Re3 Qf6 23. Rf1 g6 24. f4 Nc4 25. Rd3 Kg7 26. Rg3 Nd2 27. Qe3 Nxf1 28. Kxf1 Qxf4+ 29. Qxf4 Rxf4+ 30. Rf3 Rxf3+ 31. gxf3 Kf6 32. Ke2 Ke5 33. Kd3 Kf4 34. c4 Bg7 35. c5 dxc5 36. bxc5 Be5 37. Ke2 Bc7 38. c6 a5 39. h4 h6 40. Kf2 b4 0-1

[Event "Kaupthing op-B 1st"]
[Site "Differdange"]
[Date "2007.07.08"]
[Round "3"]
[White "Lockwood, William"]
[Black "Poscic, Mark"]
[Result "1/2-1/2"]
[WhiteElo "1882"]
[BlackElo "1592"]
[PlyCount "61"]
[EventDate "2007.07.08"]
[EventType "swiss"]
[EventRounds "9"]
[EventCountry "LUX"]
[SourceTitle "EXT 2008"]
[Source "ChessBase"]
[SourceDate "2007.11.25"]
[SourceVersion "1"]
[SourceVersionDate "2007.11.25"]
[SourceQuality "1"]

1. d4 Nf6 2. c4 c6 3. Nc3 d5 4. Nf3 Bf5 5. Qb3 b6 6. e3 e6 7. Bd2 Ne4 8. Nxe4 Bxe4 9. Be2 Nd7 10. Rc1 Rc8 11. a4 Qf6 12. a5 dxc4 13. Qxc4 b5 14. Qb3 a6 15. Bc3 Qg6 16. Rg1 Be7 17. Bb4 Bxb4+ 18. Qxb4 h5 19. h4 Bxf3 20. Bxf3 e5 21. dxe5 Nxe5 22. Qe4 Qxe4 23. Bxe4 Nc4 24. b4 0-0 25. Ke2 Rfe8 26. Bf3 g6 27. g3 Re7 28. Bg2 c5 29. bxc5 Rxc5 30. Rgd1 Rc8 31. Ra1 1/2-1/2